| 000 | 01609nac a22002891u 4500 | ||
|---|---|---|---|
| 008 | 090609t xxu||||| |||| 00| 0 eng d | ||
| 010 | _a2006036419 | ||
| 020 | _a9780750677387 (acid-free paper) | ||
| 020 | _a0750677384 (acid-free paper) | ||
| 035 | _a(OCoLC)ocm74941966 | ||
| 035 | _a(OCoLC)74941966 | ||
| 082 | 0 | 0 |
_a622.338 _bCIV |
| 100 |
_aCivan, Faruk. _95970 |
||
| 245 | 1 | 0 |
_aReservoir Formation Damage : _bFundamentals, Modeling, Assessment, and Mitigation / _cFaruk Civan. |
| 250 | _a2nd ed. | ||
| 260 |
_aAmsterdam ; _aBoston : _bGulf Professional Pub., _cc2007. |
||
| 300 |
_axx, 1114 p. : _bill. ; _c24 cm. |
||
| 504 | _aIncludes bibliographical references (p. 1028-1089) and index. | ||
| 650 | 0 |
_aHydrocarbon reservoirs. _95971 |
|
| 650 | 0 |
_aPetroleum _xGeology. _95972 |
|
| 856 | 4 | 1 |
_3Table of contents only _uhttp://www.loc.gov/catdir/toc/ecip074/2006036419.html |
| 856 | 4 | 1 |
_3Publisher description _uhttp://www.loc.gov/catdir/enhancements/fy0703/2006036419-d.html |
| 942 |
_cNB _k622.338 CIV _2ddc |
||
| 999 |
_c8895 _d8895 |
||